|
|
|
|
| LEADER |
00665cam a2200181 7i4500 |
| 001 |
0000023084 |
| 005 |
20090708090000.0 |
| 090 |
0 |
0 |
|a M 658.314
|b MAL
|
| 110 |
2 |
0 |
|a Malaysia Productivity Corporation (MPC)
|
| 245 |
2 |
0 |
|a UnderstandingICC :
|b innovative & creative circle.
|
| 260 |
0 |
0 |
|a Petaling Jaya:
|b Malaysia Productivity Corporation (MPC),
|c 2008.
|
| 300 |
# |
# |
|a 133 p.
|
| 650 |
0 |
0 |
|a Performance --
|x Measurement --
|z Malaysia
|
| 650 |
0 |
0 |
|a Labor productivity --
|z Malaysia
|
| 650 |
0 |
0 |
|a Quality control --
|z Malaysia
|
| 651 |
0 |
0 |
|a Malaysia
|
| 999 |
|
|
|a 0000023561
|b Book
|c Malaysia
|e Business Information Centre
|
| 999 |
|
|
|a 0000023560
|b Book
|c Malaysia
|e Business Information Centre
|